Estadísticas para Países que comienzan con T

Haz click aquí para tomar la prueba!

Estadísticas generales

  • Esta prueba ha sido tomada 12.287 veces
  • La puntuación promedio es 9 de 12

Estadísticas de respuestas

País% Correcto
Turquía
93%
Tailandia
79%
Tanzania
79%
Turkmenistán
79%
Túnez
75%
Togo
74%
Trinidad y Tobago
73%
Tuvalu
69%
Tayikistán
67%
Tonga
65%
Taiwán
57%
Timor Oriental
54%

Distribución de puntuación

Porcentaje por número respondido

Porcentaje de gente con cada puntuación

Historial de tus puntuaciones

No has tomado esta prueba